00446nam a2200193Ia 4500001000700000003000500007008004100012010001100053040000900064082001100073100002600084245005200110260004100162300001700203440000500220500000500225503000500230650001700235Z_3377CHAP220113s1980 xx 000 0 und d a166492 cCHAP a612 M6 aMountcastle, Vernon B aMedical physiology /cby Vernon B Mountcastle aSt. Louis :bThe C. V. Mosby,c1980 a2 v. ; ilus. a a a aFisiología